Un escenario sin protección laboral?: Trabajadores-artistas de teleseries chilenas

Saved in:
Bibliografiske detaljer
Hovedforfatter: Solís T., Valeria (Author)
Format: Bog
Sprog:spansk
Udgivet: Santiago Dirección del Trabajo. División de Estudios 2008
Serier:Cuaderno de Investigación, 33
Fag:
Tags: Tilføj Tag
Ingen Tags, Vær først til at tagge denne postø!

MARC

LEADER 00000nam a2200000 a 4500
001 UCH1173
003 CL-VaPUC
008 090409e20080500CL |||||||||||||||||spa|d
082 0 4 |a 344.01  |b SOL  |2 21 
100 0 |a Solís T., Valeria  |e author  |9 535531 
245 1 3 |a Un escenario sin protección laboral?: Trabajadores-artistas de teleseries chilenas 
300 |a 180 p 
942 |c BK 
945 |d 20090409 00:00:00  |a dcastane 
260 |a Santiago  |b Dirección del Trabajo. División de Estudios  |c 2008 
600 0 7 |a SINDICATOS DE TECNICOS DEL CINE, SINTECI  |2 CL-VaPUC  |9 535532 
600 0 7 |a SINDICATO DE ACTORES, SIDARTE  |2 CL-VaPUC  |9 535533 
650 7 |a TRABAJADORES DE ARTES Y ESPECTACULOS  |2 CL-VaPUC  |9 535534 
650 7 |a LEY LABORAL DEL CINE  |2 CL-VaPUC  |9 535535 
650 7 |a LEY 19.889  |2 CL-VaPUC  |9 535536 
583 |a last modification  |c 20090409 00:00:00  |k Rodrigo Vera 
490 0 |a Cuaderno de Investigación, 33 
999 |c 333246  |d 333244 
952 |0 0  |1 0  |4 0  |6 344_010000000000000_SOL_2008  |7 0  |8 A  |9 421477  |a BIBGIM  |b BIBGIM  |d 2019-11-22  |i 4533836  |o 344.01 SOL 2008  |p 4533836  |r 2024-01-16  |w 2019-11-22  |y BK  |k SSL